000 00568nam a2200181Ia 4500
005 20250326142935.0
008 250326s9999 xx 000 0 und d
037 _aTextbook
040 _aFMSL
_beng
_cFMSL
041 _aeng
_2eng
084 _aB2893g L8.2
_qFMSL
100 _aModer J J
_9328259
245 0 _aHandbook of Operations Research: models and applications
_cModer J J; Elmaghraby S E
260 _aNew York
_bNew York, Van Nostrand Reinhold Company
_c1978
300 _axxiv,655
942 _cTB
_hB2893g L8.2
999 _c1297371
_d1297371